000 00359nam a2200145Ia 4500
100 _aNaik/ Ajit./ Desai/ G.
650 _aElectrical Engineering
942 _cBK
654 _aElementary Industrial Electronics
245 _aElementary Industrial Electronics
260 _bHimalaya Pub.
_aBombay
_c1988
300 _a100
546 _aENGLISH
999 _c31673
_d31673